Największe miasta w Niemczech - Statystyki

Ogólne statystyki
  • Ten quiz został rozwiązany 218 razy
  • Średni wynik to 13 z 20
Statystyki odpowiedzi
Populacja Miasto % Poprawnych
1. 3 669 491 Berlin
99%
2. 1 847 253 Hamburg
96%
3. 1 484 226 Monachium
95%
5. 763 380 Frankfurt nad Menem
87%
4. 1 087 863 Kolonia
87%
9. 588 250 Dortmund
86%
12. 556 780 Drezno
79%
8. 593 145 Lipsk
79%
6. 635 911 Stuttgart
73%
11. 567 559 Brema
67%
7. 621 877 Düsseldorf
65%
14. 518 370 Norymberga
65%
13. 536 925 Hanower
62%
19. 329 673 Bonn
59%
10. 582 760 Essen
56%
15. 498 686 Duisburg
38%
18. 334 195 Bielefeld
35%
17. 355 100 Wuppertal
31%
16. 365 587 Bochum
30%
20. 315 293 Münster
22%
Nie znaleziono quizów pasujących do podanych kryteriów
Rozkład punktacji
Procent ludzi z każdym wynikiem
Percentyl według liczby udzielonych odpowiedzi
Twoja historia wyników
Nie rozwiązałeś tego quizu